Statistics for Countries by Their Second Largest City

Click here to take the quiz!

General Stats

  • This quiz has been taken 459 times
  • The average score is 19 of 24

Answer Stats

Second CityCountry% Correct
MelbourneAustralia
100%
Los AngelesUnited States
99%
Cape TownSouth Africa
98%
HamburgGermany
97%
Tel AvivIsrael
97%
WellingtonNew Zealand
97%
LyonFrance
95%
OsakaJapan
95%
RotterdamNetherlands
95%
AlexandriaEgypt
94%
MontrealCanada
93%
QuitoEcuador
92%
GenevaSwitzerland
92%
LahorePakistan
87%
AstanaKazakhstan
84%
TürkmenabatTurkmenistan
81%
KharkivUkraine
72%
MombasaKenya
68%
ChittagongBangladesh
60%
MbabaneSwaziland
53%
PlovdivBulgaria
48%
OranAlgeria
43%
TripoliLebanon
39%
CabindaAngola
32%

Score Distribution

Percentile by Number Answered

Percent of People with Each Score

Your Score History

You have not taken this quiz